01620nam a22003977a 4500003000500000005001700005008004100022010001000063011001000073035001000083040000900093090001000102100004800112245024000160260003300400300001900433500001100452502008500463590003700548590004100585590004100626590004100667590004100708590004100749590004200790650004900832650003800881650004000919650003200959650002800991901000701019942001001026949004201036999001701078952012701095CHAP20220329133826.0971013s1981 r 00010 d a11441 a12413 a15598 cCHAP aTesis00aMiranda Hernández, Oscar Humberto.976080 aDetermianción de dosis óptimas económicas para capital limitado e ilimitado en el uso del nitrógeno, fósforo y distancias de siembra en el cultivo de la papa (Solanum tuberosum L.) para el altíplano central de Chimaltenango aGuatemala :bEl autor,c1981 a61 h. gráfs. aD14-33 aTesis (Ing. Agrónomo) -- Univ. de San Carlos de Guatemala. Fac. de Agronomía aALEPHb10c20130110lUCH01h1229 aBATCH-UPDb10c20130110lUCH01h0138 aBATCH-UPDb10c20130110lUCH01h2024 aBATCH-UPDb10c20130409lUCH01h2135 aBATCH-UPDb10c20130410lUCH01h1342 aBATCH-UPDb10c20130914lUCH01h1425 aCONVERSIONb10c20130109lUCH01h130814aFertilizantesxAspectos económicos.94045114aFósforoxEfecto en papa.94224614aNitrógenoxEfecto en papa.98145314aPapaxEspaciamiento.98523314aPapaxGuatemala.985245 aBK cTESIS bBCcTESd-27806eTS1h20189i15598si c11441d11441 00102local4051708TESISaBCbBCcPA_TESISd2019-12-31fTESISl0oTesisp-27806r2019-12-31 00:00:00w2019-12-31yTESIS